| 000 | 00914aam a2200325a 44500 | ||
|---|---|---|---|
| 008 | 190308s2020 cat | ||
| 041 | _acat | ||
| 041 | _beng | ||
| 041 | _bfre | ||
| 041 | _bspa | ||
| 110 |
_aTERMCAT _960609 |
||
| 245 |
_aTerminologia de la sexualitat i l'erotisme _h[en línia] _cTERMCAT, Centre de Terminologia |
||
| 250 | _a2a ed. | ||
| 260 |
_aBarcelona _bTERMCAT, Centre de Terminologia _c2020 |
||
| 490 | _aDiccionaris en Línia | ||
| 500 | _btermcat | ||
| 520 | _aaprox. 150 | ||
| 546 | _acatalà | ||
| 591 | _aEROT-E | ||
| 592 | _aObra terminològica | ||
| 593 | _aOT | ||
| 650 |
_aerotisme _974791 |
||
| 650 |
_asexualitat _971816 |
||
| 830 |
_aDiccionaris en Línia _974364 |
||
| 856 | _uhttps://www.termcat.cat/ca/diccionaris-en-linia/262 | ||
| 901 | _ccop. <2020> | ||
| 902 | _a190308 | ||
| 942 |
_cMO _n0 _2ddc |
||
| 999 |
_c67390 _d67390 |
||